000 00361nam a2200157Ia 4500
003 IT-RoPAU
008 120407s9999 xx 000 0 und d
040 _aIT-RoPAU
040 _cIT-RoPAU
100 _aEnrico Chiavacci
245 _aPrincipi di morale sociale. Morale sociale generale
260 _aDehoniane
300 _c cm
490 _v1
942 _cBK
999 _c2500
_d2500